000
00285nam a22001217a 4500
008
181015b xxu||||| |||| 00| 0 eng d
041
_a
eng
080
_a
910
100
_a
42
101
_a
GJE
245
_a
Physical Geogarphy A Landscape Appreciation
_c
Tom.L.M
942
_2
udc
_c
BK
999
_c
49783
_d
49783